[Event "Bogota Parada UNCOLI 1920 1st Infantil"]
[Site "Bogota"]
[Date "2019.09.25"]
[Round "3.2"]
[White "Fandino Sanchez, Catalina"]
[Black "Ramirez Fontalvo, Nicolas"]
[Result "0-1"]
[WhiteElo "1300"]
[BlackElo "1300"]
[PlyCount "96"]
[EventDate "2019.09.24"]
[EventType "swiss"]
[EventRounds "5"]
[EventCountry "COL"]
[SourceTitle "EXT 2024"]
[Source "ChessBase"]
[SourceDate "2023.10.10"]
[SourceVersion "1"]
[SourceVersionDate "2023.10.10"]
[SourceQuality "1"]

1. e4 d6 2. Nc3 Nf6 3. Bb5+ c6 4. Ba4 g6 5. Nf3 Bg7 6. 0-0 0-0 7. h3 Nbd7 8. d3 Re8 9. Be3 d5 10. b4 b5 11. Bb3 dxe4 12. dxe4 Nf8 13. Qc1 a5 14. bxa5 Rxa5 15. e5 Nh5 16. Bg5 Ne6 17. Bd2 Ra8 18. a4 Ba6 19. Bh6 b4 20. Ne2 Bxe2 21. Ng5 Bxh6 22. Qb2 Qd4 23. Qxd4 Nxd4 24. Bxf7+ Kh8 25. Bxe8 Rxe8 26. Nf7+ Kg7 27. e6 Bxf1 28. Rxf1 Kf6 29. Re1 Nxc2 30. Re5 b3 31. Nxh6 Kxe5 32. Nf7+ Kd4 33. Ng5 Kd5 34. Nxh7 b2 35. Kh2 b1Q 36. Ng5 Qa1 37. g4 Qe5+ 38. Kg2 Qxg5 39. f3 Nf4+ 40. Kg3 Nxh3 41. Kxh3 Ne1 42. Kg3 Nxf3 43. Kxf3 Ra8 44. a5 Rxa5 45. Kg3 c5 46. Kf2 c4 47. Ke1 c3 48. Kd1 Qd2# 0-1